000 00412nam a22001457a 4500
003 CEME
005 20210628204232.0
008 210218b xxu||||| |||| 00| 0 eng d
040 _c.
082 _a621.39732 PRO'C
245 _aProceedings of the workshop on recent advances in biotechnology 26-28 november 1990 jakarta indoneSIA
260 _aISLAMABAD
_bCOMESTECH
_c1990
300 _a182P
942 _cBK
_2ddc
999 _c576733
_d576733